Special ceremony for the installation of the Chancellor : Mr Fwanyanga M Mulikita, BA (Rhodes), MA(Stanford), ICS (London) and second graduation ceremony : Saturday, 24th April, 1993 (Record no. 58059)
[ view plain ]
| 000 -LEADER | |
|---|---|
| fixed length control field | 01063nam a2200277 a 4500 |
| 003 - CONTROL NUMBER IDENTIFIER | |
| control field | CBULib |
| 005 - DATE AND TIME OF LATEST TRANSACTION | |
| control field | 20250522100405.0 |
| 008 - FIXED-LENGTH DATA ELEMENTS--GENERAL INFORMATION | |
| fixed length control field | 220715s1993 ||||||||||||||||| || u |
| 040 ## - CATALOGING SOURCE | |
| Original cataloging agency | CBULib |
| Language of cataloging | English |
| Transcribing agency | CBULib |
| Description conventions | rda |
| 041 ## - LANGUAGE CODE | |
| Language code of text/sound track or separate title | eng |
| 050 ## - LIBRARY OF CONGRESS CALL NUMBER | |
| Classification number | CBU(02)1993/1 |
| 110 ## - MAIN ENTRY--CORPORATE NAME | |
| 9 (RLIN) | 1351 |
| Corporate name or jurisdiction name as entry element | The Copperbelt University(CBU) |
| 245 10 - TITLE STATEMENT | |
| Title | Special ceremony for the installation of the Chancellor : Mr Fwanyanga M Mulikita, BA (Rhodes), MA(Stanford), ICS (London) and second graduation ceremony : Saturday, 24th April, 1993 |
| Statement of responsibility, etc | / by The Copperbelt University(CBU) |
| 260 ## - PUBLICATION, DISTRIBUTION, ETC. (IMPRINT) | |
| Place of publication, distribution, etc | Kitwe : |
| Name of publisher, distributor, etc | Copperbelt University, |
| Date of publication, distribution, etc | 1993. |
| 300 ## - PHYSICAL DESCRIPTION | |
| Extent | [various pages] |
| 336 ## - CONTENT TYPE | |
| Source | rdacontent |
| Content type term | Text | |
| Content type code | txt |
| 337 ## - MEDIA TYPE | |
| Source | rdamedia |
| Media type term | Unmediated | |
| Media type code | n |
| 338 ## - CARRIER TYPE | |
| Source | rdacarrier |
| Carrier type term | Volume |
| Carrier type code | nc |
| 650 ## - SUBJECT ADDED ENTRY--TOPICAL TERM | |
| Topical term or geographic name as entry element | GRADUATION SPEECHES |
| 650 ## - SUBJECT ADDED ENTRY--TOPICAL TERM | |
| Topical term or geographic name as entry element | GRADUATION CEREMONIES |
| 650 ## - SUBJECT ADDED ENTRY--TOPICAL TERM | |
| Topical term or geographic name as entry element | MULIKITA, FWANYANGA M. (FWANYANGA MATALE), 1928-1998 |
| 710 ## - ADDED ENTRY--CORPORATE NAME | |
| Corporate name or jurisdiction name as entry element | Copperbelt University |
| 942 ## - ADDED ENTRY ELEMENTS (KOHA) | |
| Source of classification or shelving scheme | |
| Koha item type | UNIVERSITY COLLECTION |
| Withdrawn status | Lost status | Source of classification or shelving scheme | Damaged status | Not for loan | Collection code | Permanent Location | Current Location | Shelving location | Date acquired | Source of acquisition | Full call number | Barcode | Date last seen | Copy number | Price effective from | Koha item type | Total Checkouts |
|---|---|---|---|---|---|---|---|---|---|---|---|---|---|---|---|---|---|
| Special Collections | CBU-MAIN LIBRARY, KITWE. | CBU-MAIN LIBRARY, KITWE. | Special Collections | 11/30/2022 | DEP-CBU | CBU(02)1993/1A | B4944 | 11/30/2022 | 1 | 11/30/2022 | UNIVERSITY COLLECTION | ||||||
| Special Collections | CBU-MAIN LIBRARY, KITWE. | CBU-MAIN LIBRARY, KITWE. | Special Collections | 11/30/2022 | DEP-CBU | CBU(02)1993/1B | B4948 | 05/22/2025 | 2 | 11/30/2022 | UNIVERSITY COLLECTION |